Elton John - Lyrics - Levon - Statistics

General Stats
  • This quiz has been taken 146 times
  • The average score is 226 of 277
Answer Stats
Answer % Correct
a
99%
Levon
98%
He
95%
he
95%
and
94%
go
93%
in
93%
In
93%
to
93%
be
91%
his
91%
the
91%
man
89%
day
88%
good
86%
is
85%
like
85%
money
83%
shall
83%
likes
81%
Jesus
80%
on
80%
was
80%
name
79%
born
78%
town
78%
dead
76%
God
76%
they
76%
When
76%
when
76%
New
75%
said
75%
Times
75%
war
75%
wears
75%
calls
74%
cause
74%
child
74%
Christmas
73%
days
73%
say
73%
York
73%
counting
71%
crown
71%
spends
71%
all
70%
by
70%
family
70%
garage
70%
makes
70%
wound
70%
him
69%
lot
69%
motorway
69%
baloon
68%
finest
68%
has
68%
son
68%
plan
66%
school
66%
sends
66%
today
66%
with
66%
pauper
65%
Venus
65%
wants
65%
begun
63%
tradition
63%
wars
63%
behind
61%
far
61%
pawn
61%
sells
61%
up
60%
business
59%
thrives
59%
cartoon
58%
sailing
58%
blows
56%
dies
55%
slowly
55%
fly
54%
baloons
53%
leave
53%
them
53%
Alvin
51%
take
49%
watching
46%
while
46%
porch
45%
swing
41%
Tostig
40%
sits
36%
woo
23%
No matching quizzes found
Score Distribution
Percent of People with Each Score
Percentile by Number Answered
Your Score History
You have not taken this quiz